000 00862nab a2200265 u 4500
001 20736
003 HDC
007 cr bn ---aaaaa
008 210305c20100929xx dr|noo 0 a eng d
040 _aHDC
100 _aWood, John
_eauthor
_918629
245 0 _aUK 'missing out on £1bn Halal opportunity'/ by
_cJohn Wood
260 _a[No place] :
_b[publisher not identified],
_c2010
300 _a1 online resource
336 _atext
_2rdacontent
337 _acomputer
_2rdamedia
338 _aonline resource
_2rdacarrier
650 _ahalal beef
_92249
650 _aMeat industry
_92353
710 _aHalal Focus
856 _zRequest full-text at [email protected]
942 _2lcc
942 _cNEWS
942 _kNWSO 006420
999 _c18052
_d18052